[Event "Madrid-ch Seniors 50"]
[Site "Madrid"]
[Date "2020.01.20"]
[Round "6"]
[White "Hernandez Gutierrez, Jose"]
[Black "Abad Martin Camunas, Luis"]
[Result "1-0"]
[WhiteElo "1785"]
[BlackElo "1394"]
[PlyCount "27"]
[EventDate "2020.01.13"]
[EventType "swiss"]
[EventRounds "9"]
[EventCountry "ESP"]
[SourceTitle "CBM 194 Extra"]
[Source "ChessBase"]
[SourceDate "2020.03.31"]
[SourceVersion "1"]
[SourceVersionDate "2020.03.31"]
[SourceQuality "1"]

1. d4 Nf6 2. c4 g6 3. g3 Bg7 4. Bg2 d5 5. cxd5 Nxd5 6. e4 Nb6 7. Ne2 e6 8. 0-0 0-0 9. Nbc3 Nc6 10. Be3 Nc4 11. Qb3 N4a5 12. Qa4 Bd7 13. d5 exd5 14. exd5 1-0

[Event "Madrid-ch Seniors 50"]
[Site "Madrid"]
[Date "2020.01.15"]
[Round "3"]
[White "Santos Rodriguez, Jose"]
[Black "Abad Martin Camunas, Luis"]
[Result "0-1"]
[WhiteElo "1498"]
[BlackElo "1394"]
[PlyCount "78"]
[EventDate "2020.01.13"]
[EventType "swiss"]
[EventRounds "9"]
[EventCountry "ESP"]
[SourceTitle "CBM 194 Extra"]
[Source "ChessBase"]
[SourceDate "2020.03.31"]
[SourceVersion "1"]
[SourceVersionDate "2020.03.31"]
[SourceQuality "1"]

1. d4 Nf6 2. Bf4 d6 3. e3 g6 4. Nf3 Nh5 5. Bg5 f6 6. Bh4 Bg4 7. h3 Bxf3 8. Qxf3 Ng7 9. Qxb7 Nd7 10. Bb5 Nf5 11. Bg3 Nxg3 12. fxg3 Bh6 13. Qf3 0-0 14. Nc3 Rb8 15. 0-0 a6 16. Bxa6 Rxb2 17. Bc4+ Kh8 18. Bb3 Nb6 19. Nd1 Rxb3 20. axb3 f5 21. Ra7 d5 22. Nc3 e6 23. Nb5 Rf7 24. Rfa1 Kg7 25. Qe2 c6 26. Rxf7+ Kxf7 27. Ra7+ Kg8 28. Na3 Bf8 29. c4 Qb8 30. Ra6 dxc4 31. bxc4 c5 32. Kf2 Qb7 33. Ra5 cxd4 34. exd4 Bb4 35. Rb5 Bxa3 36. c5 Qd7 37. Rxb6 Qxd4+ 38. Qe3 Qxe3+ 39. Kxe3 Bxc5+ 0-1

[Event "Madrid-ch Previa-A"]
[Site "Madrid"]
[Date "2019.02.19"]
[Round "8"]
[White "Abad Martin Camunas, Luis"]
[Black "De Juan Rivas, Antonio"]
[Result "0-1"]
[WhiteElo "1373"]
[BlackElo "1541"]
[PlyCount "52"]
[EventDate "2019.02.04"]
[EventType "swiss"]
[EventRounds "9"]
[EventCountry "ESP"]
[SourceTitle "EXT 2021"]
[Source "ChessBase"]
[SourceDate "2020.10.23"]
[SourceVersion "1"]
[SourceVersionDate "2020.10.23"]
[SourceQuality "1"]

1. d4 Nf6 2. Bf4 d6 3. e3 g6 4. Nd2 Bg7 5. Be2 Nc6 6. h3 e5 7. dxe5 dxe5 8. Bg5 0-0 9. Ngf3 Be6 10. Bd3 Qd6 11. 0-0 Nb4 12. Ne4 Nxe4 13. Bxe4 f6 14. Bh4 Qb6 15. a3 Rad8 16. Nd2 Nd5 17. c4 Nxe3 18. fxe3 Qxe3+ 19. Rf2 Bh6 20. Kh1 Rxd2 21. Rxd2 Qxe4 22. Rd8 Qxh4 23. Rxf8+ Bxf8 24. b3 Bxh3 25. gxh3 Qxh3+ 26. Kg1 Bc5+ 0-1

[Event "Madrid-ch Previa-A"]
[Site "Madrid"]
[Date "2019.02.11"]
[Round "4"]
[White "Martinez Pintor, Juan"]
[Black "Abad Martin Camunas, Luis"]
[Result "1-0"]
[WhiteElo "1604"]
[BlackElo "1373"]
[PlyCount "35"]
[EventDate "2019.02.04"]
[EventType "swiss"]
[EventRounds "9"]
[EventCountry "ESP"]
[SourceTitle "EXT 2021"]
[Source "ChessBase"]
[SourceDate "2020.10.23"]
[SourceVersion "1"]
[SourceVersionDate "2020.10.23"]
[SourceQuality "1"]

1. d4 f5 2. Nf3 Nf6 3. Bf4 d6 4. e3 e6 5. Bc4 d5 6. Bb3 Bd6 7. Bxd6 Qxd6 8. 0-0 0-0 9. Nbd2 Nbd7 10. c4 c5 11. cxd5 exd5 12. dxc5 Nxc5 13. Nc4 Qd8 14. Nce5 Nxb3 15. Qxb3 Kh8 16. Rac1 Be6 17. Qxb7 Rb8 18. Qxa7 1-0

[Event "Madrid-ch Previa-A"]
[Site "Madrid"]
[Date "2019.02.06"]
[Round "3"]
[White "Abad Martin Camunas, Luis"]
[Black "Mejias Gonzalez, Pedro"]
[Result "0-1"]
[WhiteElo "1373"]
[BlackElo "1574"]
[PlyCount "54"]
[EventDate "2019.02.04"]
[EventType "swiss"]
[EventRounds "9"]
[EventCountry "ESP"]
[SourceTitle "EXT 2021"]
[Source "ChessBase"]
[SourceDate "2020.10.23"]
[SourceVersion "1"]
[SourceVersionDate "2020.10.23"]
[SourceQuality "1"]

1. d4 d5 2. Bf4 Nf6 3. e3 Bg4 4. Be2 Bxe2 5. Nxe2 e6 6. Nd2 Be7 7. Nf3 0-0 8. 0-0 Nbd7 9. Rc1 Nh5 10. a3 Nxf4 11. Nxf4 c5 12. c3 c4 13. b4 b5 14. Re1 Nf6 15. Ne5 Qc7 16. Nh5 a5 17. Nxf6+ Bxf6 18. Ng4 axb4 19. Nxf6+ gxf6 20. axb4 Ra3 21. e4 dxe4 22. Rxe4 Qc6 23. Rh4 Qd5 24. h3 Kh8 25. Qc2 f5 26. Rh5 Rg8 27. Qd2 Qxg2# 0-1

[Event "Madrid-ch Seniors 50"]
[Site "Madrid"]
[Date "2019.01.16"]
[Round "8"]
[White "Abad Martin Camunas, Luis"]
[Black "Perales Hernandez, Manuel"]
[Result "1-0"]
[WhiteElo "1369"]
[BlackElo "1333"]
[PlyCount "75"]
[EventDate "2019.01.07"]
[EventType "swiss"]
[EventRounds "9"]
[EventCountry "ESP"]
[SourceTitle "CBM 188 Extra"]
[Source "ChessBase"]
[SourceDate "2019.02.26"]
[SourceVersion "1"]
[SourceVersionDate "2019.02.26"]
[SourceQuality "1"]

1. d4 d5 2. Bf4 Bf5 3. e3 a6 4. Bd3 Bd7 5. Qf3 e6 6. c4 c6 7. Nc3 h5 8. h3 g5 9. Be5 f6 10. Bxb8 Qxb8 11. Bg6+ Ke7 12. Bxh5 dxc4 13. Qe2 b5 14. Bf3 Qd6 15. Qc2 f5 16. g4 f4 17. Nge2 fxe3 18. fxe3 Re8 19. 0-0-0 Kd8 20. e4 Re7 21. e5 Qc7 22. Ne4 Bh6 23. Kb1 Rf7 24. Bg2 Ne7 25. Rhf1 Rhf8 26. Rxf7 Rxf7 27. Rf1 Be8 28. Ka1 Nd5 29. Qd2 Rg7 30. Nc5 Ke7 31. Nxa6 Qa7 32. Nb4 Bg6 33. Nxd5+ cxd5 34. Qb4+ Kd7 35. Qd6+ Kc8 36. Qc6+ Kd8 37. Rf8+ Ke7 38. Qd6# 1-0

[Event "Madrid Chamartin op 7th"]
[Site "Madrid"]
[Date "2018.09.09"]
[Round "9"]
[White "Tudela Garcia, Antonio"]
[Black "Abad Martin Camunas, Luis"]
[Result "1-0"]
[WhiteElo "1552"]
[BlackElo "1369"]
[PlyCount "97"]
[EventDate "2018.09.03"]
[EventType "swiss"]
[EventRounds "9"]
[EventCountry "ESP"]
[SourceTitle "CBM 187 Extra"]
[Source "ChessBase"]
[SourceDate "2018.11.04"]
[SourceVersion "1"]
[SourceVersionDate "2018.11.04"]
[SourceQuality "1"]

1. e4 c5 2. Nc3 Nc6 3. f4 d6 4. Nf3 e6 5. Bb5 Bd7 6. 0-0 Nf6 7. d3 Be7 8. Bxc6 Bxc6 9. Qe1 0-0 10. Qg3 Nh5 11. Qh3 g6 12. g4 Ng7 13. f5 exf5 14. Qh6 f4 15. Bxf4 Ne6 16. Bd2 Bf6 17. Qh3 Ng5 18. Qh6 Nxf3+ 19. Rxf3 Bg7 20. Qh3 d5 21. exd5 Bxd5 22. Nxd5 Qxd5 23. c3 Rae8 24. Be3 b6 25. Qf1 Re7 26. a3 Rfe8 27. Re1 Bh6 28. Qf2 Qxd3 29. Bxh6 Rxe1+ 30. Kg2 Qe4 31. Kh3 Re2 32. Qg3 Qe5 33. Bf4 Qe6 34. Bh6 Rxb2 35. Qc7 Qe7 36. Re3 Qd8 37. Rxe8+ Qxe8 38. Qxa7 Rb3 39. Kh4 Rxc3 40. Qc7 Rxa3 41. Qf4 f5 42. Qc7 Qe1+ 43. Kg5 Qe3+ 44. Kf6 Qd4+ 45. Ke7 Re3+ 46. Bxe3 Qxe3+ 47. Kf6 Qd4+ 48. Ke6 fxg4 49. Qf7+ 1-0

[Event "Madrid Chamartin op 7th"]
[Site "Madrid"]
[Date "2018.09.06"]
[Round "6"]
[White "Abad Martin Camunas, Luis"]
[Black "Yaniz Lana, Francisco Javier"]
[Result "0-1"]
[WhiteElo "1369"]
[BlackElo "1525"]
[PlyCount "58"]
[EventDate "2018.09.03"]
[EventType "swiss"]
[EventRounds "9"]
[EventCountry "ESP"]
[SourceTitle "CBM 187 Extra"]
[Source "ChessBase"]
[SourceDate "2018.11.04"]
[SourceVersion "1"]
[SourceVersionDate "2018.11.04"]
[SourceQuality "1"]

1. c4 c6 2. Nc3 d5 3. cxd5 cxd5 4. d4 Nf6 5. e3 Nc6 6. h3 e5 7. dxe5 Nxe5 8. Nf3 Nc6 9. Bb5 a6 10. Ba4 b5 11. Bb3 Bb4 12. 0-0 Bxc3 13. bxc3 0-0 14. Ba3 Re8 15. Bc5 Na5 16. Bc2 h6 17. Bd4 Nc6 18. Bc5 Be6 19. a4 Rc8 20. axb5 axb5 21. Bd3 Nd7 22. Bd6 Nb6 23. Bc5 Nc4 24. Nd4 Nb2 25. Qc2 Nxd3 26. Qxd3 Ne5 27. Qxb5 Bd7 28. Bb6 Bxb5 29. Bxd8 Bxf1 0-1

[Event "Madrid Chamartin op 7th"]
[Site "Madrid"]
[Date "2018.09.04"]
[Round "3"]
[White "Abad Martin Camunas, Luis"]
[Black "Tolosana Esteban, Enrique"]
[Result "0-1"]
[WhiteElo "1369"]
[BlackElo "1590"]
[PlyCount "48"]
[EventDate "2018.09.03"]
[EventType "swiss"]
[EventRounds "9"]
[EventCountry "ESP"]
[SourceTitle "CBM 187 Extra"]
[Source "ChessBase"]
[SourceDate "2018.11.04"]
[SourceVersion "1"]
[SourceVersionDate "2018.11.04"]
[SourceQuality "1"]

1. c4 Nc6 2. Nc3 e5 3. g3 f5 4. e4 Nf6 5. d3 Bc5 6. exf5 0-0 7. Bg2 d6 8. g4 g6 9. g5 Bxf5 10. gxf6 Qxf6 11. Be3 Bxe3 12. fxe3 Nb4 13. e4 Qh4+ 14. Kd2 Qf4+ 15. Ke1 Bg4 16. Bf3 Bxf3 17. Nxf3 Qe3+ 18. Qe2 Nxd3+ 19. Kd1 Qxf3 20. Qxf3 Rxf3 21. Ke2 Raf8 22. Rhf1 Rxf1 23. Rxf1 Rxf1 24. Kxf1 Nxb2 0-1

[Event "Madrid-ch Seniors 65 1718"]
[Site "Madrid"]
[Date "2018.01.26"]
[Round "5"]
[White "Arroyo Fraile, Mario"]
[Black "Abad Martin Camunas, Luis"]
[Result "1-0"]
[WhiteElo "1533"]
[BlackElo "1408"]
[PlyCount "53"]
[EventDate "2018.01.22"]
[EventType "swiss"]
[EventRounds "7"]
[EventCountry "ESP"]
[SourceTitle "EXT 2020"]
[Source "ChessBase"]
[SourceDate "2019.10.17"]
[SourceVersion "1"]
[SourceVersionDate "2019.10.17"]
[SourceQuality "1"]

1. c4 Nf6 2. d4 d5 3. Nc3 c6 4. g3 Bf5 5. cxd5 Nxd5 6. Bg2 Nxc3 7. bxc3 e6 8. Nf3 Be4 9. 0-0 Be7 10. Nd2 Bxg2 11. Kxg2 Nd7 12. e4 0-0 13. Nf3 Qc7 14. c4 Rad8 15. Qc2 f6 16. Qb3 e5 17. Bb2 Rf7 18. Rfd1 exd4 19. Nxd4 Nc5 20. Qc2 Qc8 21. f3 Bd6 22. Nf5 Be5 23. Rxd8+ Qxd8 24. Rd1 Rd7 25. Rxd7 Qxd7 26. Bxe5 Nd3 27. Bc3 1-0

[Event "Madrid-ch Seniors 50"]
[Site "Madrid"]
[Date "2018.01.09"]
[Round "2"]
[White "Abad Martin Camunas, Luis"]
[Black "Martinez Pintor, Juan"]
[Result "0-1"]
[WhiteElo "1408"]
[BlackElo "1661"]
[PlyCount "46"]
[EventDate "2018.01.08"]
[EventType "swiss"]
[EventRounds "9"]
[EventCountry "ESP"]
[SourceTitle "CBM 182 Extra"]
[Source "ChessBase"]
[SourceDate "2018.02.23"]
[SourceVersion "1"]
[SourceVersionDate "2018.02.23"]
[SourceQuality "1"]

1. c4 c6 2. e4 d5 3. cxd5 cxd5 4. Bb5+ Bd7 5. Qa4 dxe4 6. Bxd7+ Qxd7 7. Qxe4 Nf6 8. Qe2 Nc6 9. Nf3 e6 10. 0-0 Bc5 11. Nc3 Nd4 12. Nxd4 Bxd4 13. Nb5 Bb6 14. Qe5 0-0 15. b3 Rfd8 16. h3 Qd3 17. Nc3 Rac8 18. Qe2 Rxc3 19. Qxd3 Rcxd3 20. Re1 Ba5 21. Re3 Bxd2 22. Rxd3 Rxd3 23. Bxd2 Rxd2 0-1

[Event "Madrid Chamartin op 6th"]
[Site "Madrid"]
[Date "2017.09.10"]
[Round "9"]
[White "Sanchez Lucena, Juan"]
[Black "Abad Martin Camunas, Luis"]
[Result "1-0"]
[WhiteElo "1449"]
[BlackElo "1397"]
[PlyCount "79"]
[EventDate "2017.09.04"]
[EventType "swiss"]
[EventRounds "9"]
[EventCountry "ESP"]
[SourceTitle "CBM 180 Extra"]
[Source "ChessBase"]
[SourceDate "2017.10.06"]
[SourceVersion "1"]
[SourceVersionDate "2017.10.06"]
[SourceQuality "1"]

1. d4 Nf6 2. Nf3 d5 3. e3 e6 4. a3 c5 5. c4 Nc6 6. Nc3 Qa5 7. Bd2 Qd8 8. Be2 dxc4 9. dxc5 Bxc5 10. Bxc4 0-0 11. Qc2 h6 12. Bd3 Bd6 13. Ne4 Ne5 14. Nxd6 Nxf3+ 15. gxf3 Qxd6 16. Bb4 Qd8 17. Bxf8 Qxf8 18. Rg1 Qd6 19. f4 b6 20. Rd1 Qe7 21. Rg3 Bb7 22. Ke2 Nh5 23. Rg4 f5 24. Rg6 Rf8 25. Rdg1 Kh7 26. Bc4 Rf6 27. Rxf6 Nxf6 28. f3 Qd7 29. Rd1 Qc6 30. Rf1 Ba6 31. b3 b5 32. Bd3 Qxc2+ 33. Bxc2 b4+ 34. Bd3 Bxd3+ 35. Kxd3 bxa3 36. Ra1 Nd7 37. Kd4 Kg6 38. Rxa3 Nb8 39. Ke5 Kf7 40. Rxa7+ 1-0

[Event "Madrid Chamartin op 6th"]
[Site "Madrid"]
[Date "2017.09.07"]
[Round "6"]
[White "Abad Martin Camunas, Luis"]
[Black "Rodriguez Bachiller, Luis"]
[Result "1/2-1/2"]
[WhiteElo "1397"]
[BlackElo "1646"]
[PlyCount "100"]
[EventDate "2017.09.04"]
[EventType "swiss"]
[EventRounds "9"]
[EventCountry "ESP"]
[SourceTitle "CBM 180 Extra"]
[Source "ChessBase"]
[SourceDate "2017.10.06"]
[SourceVersion "1"]
[SourceVersionDate "2017.10.06"]
[SourceQuality "1"]

1. c4 Nf6 2. Nc3 d6 3. d4 g6 4. Nf3 Bg7 5. e3 0-0 6. Be2 Nbd7 7. e4 c6 8. d5 cxd5 9. cxd5 Nc5 10. Nd2 Bd7 11. 0-0 b6 12. f3 Nh5 13. Nb3 Qc8 14. Be3 Qb7 15. Nd4 Rac8 16. Rc1 Na6 17. a3 Nc7 18. Qd2 Ne8 19. Bb5 Bxb5 20. Ncxb5 Nc7 21. Nxc7 Rxc7 22. Nb5 Rxc1 23. Rxc1 Rc8 24. Rxc8+ Qxc8 25. Nxa7 Qb7 26. Nc6 e6 27. Qb4 exd5 28. exd5 Bf8 29. Qxb6 Qxb6 30. Bxb6 Nf4 31. Nb4 Bg7 32. b3 Ne2+ 33. Kf2 Nc1 34. Bc7 Bd4+ 35. Ke1 Bc5 36. Kd1 Nxb3 37. Nc2 Kf8 38. a4 Ke7 39. a5 Kd7 40. Bb6 Bxb6 41. axb6 Kc8 42. Nb4 Kb7 43. Kc2 Na5 44. Kc3 Kxb6 45. Nd3 Kb5 46. h4 Nc4 47. g4 Ne3 48. Kd4 Ng2 49. h5 Nh4 50. Ke4 Kc4 1/2-1/2

[Event "Madrid-ch Seniors"]
[Site "Madrid"]
[Date "2016.01.14"]
[Round "4"]
[White "Abad Martin Camunas, Luis"]
[Black "Benitez Cadenas, Luis Miguel"]
[Result "1-0"]
[WhiteElo "1413"]
[BlackElo "1681"]
[PlyCount "45"]
[EventDate "2016.01.11"]
[EventType "swiss"]
[EventRounds "9"]
[EventCountry "ESP"]
[SourceTitle "EXT 2017"]
[Source "ChessBase"]
[SourceDate "2016.10.25"]
[SourceVersion "1"]
[SourceVersionDate "2016.10.25"]
[SourceQuality "1"]

1. e4 c5 2. Nf3 g6 3. c3 Nf6 4. e5 Nd5 5. d4 cxd4 6. cxd4 Nc6 7. Bc4 Nb6 8. Bb3 e6 9. 0-0 Bg7 10. Nc3 a6 11. Ne4 0-0 12. Bg5 Qc7 13. Qd2 Nd5 14. Bxd5 exd5 15. Nf6+ Kh8 16. Bh6 Ne7 17. Bxg7+ Kxg7 18. Qg5 Ng8 19. Nxg8 Rxg8 20. Qf6+ Kf8 21. Ng5 Rg7 22. Rac1 Qa5 23. b4 1-0